Gaming Quiz

Random Gaming or Numbers Quiz

Insaniquarium Character Quiz Stats

 Plays Quiz not verified by Sporcle

Score 0/45 Timer 09:00
0 Plays Today
Hint Character Name % Correct
Basic fishGuppy
97.2%
First level consumerCarnivore
90.1%
Eats starsStarcatcher
78.9%
The momma fishPrego
74.6%
The seahorseZorf
71.8%
The snailStinky
70.4%
The oysterNiko
69%
Eats beetlesBeetlemuncher
67.6%
Always pregnantBreeder
67.6%
Eats little fishGuppycruncher
66.2%
Second level consumerUltravore
66.2%
The alienSylvester
66.2%
The swordfishItchy
64.8%
The tadpolePresto
64.8%
The gluttonGus
63.4%
The fiddler crabRufus
63.4%
The mermaidMeryl
63.4%
The predatorBalrog
59.2%
The psycho killerPsychosquid
59.2%
The jellyfishClyde
59.2%
The evil mastermindCyrax
57.7%
The dolphinBlip
57.7%
The angelfishAngie
57.7%
Hint Character Name % Correct
The tiny alienMini Sylvester
56.3%
The eelAmp
56.3%
The devastatorDestructor
54.9%
The skeleton fishVert
54.9%
The penguinWalter
54.9%
The sea turtleSeymour
53.5%
The mechanical fishShrapnel
53.5%
The sharkGash
53.5%
The noseNostradamus
53.5%
The cyclopsUlysses
52.1%
The hermit crabRhubarb
52.1%
The whaleWadsworth
50.7%
The anglerfishGumbo
49.3%
The elephantBrinkley
49.3%
The sea serpentStanley
49.3%
The twinsBilaterus
47.9%
The rayNimbus
47.9%
Named after deaf composerLudwig
39.4%
Produces obscure foodCookie
38%
Likes to eat things bigger than itselfRocky
33.8%
Large musical predatorKilgore
33.8%
Pizza-eating rainbow predatorJohnny V
29.6%

You're not logged in!

Compare scores with friends on all Sporcle quizzes.
OR
Log In

Sporcle TV

Today on Sporcle TV


Watch our educational content, quiz creation guides, and fun videos on Sporcle TV.

Show Comments

Extras

Created Oct 29, 2010ReportNominate
Tags:Numbers Quiz, character, tank

Top Quizzes Today


Score Distribution

Your Account Isn't Verified!

In order to create a playlist on Sporcle, you need to verify the email address you used during registration. Go to your Sporcle Settings to finish the process.

Report this User

Report this user for behavior that violates our Community Guidelines.

Details: